Statistics for U.S. Cities with Oldest Housing Stock

Click here to take the quiz!

General Stats

  • This quiz has been taken 29 times
  • The average score is 15 of 20

Answer Stats

StateCity% Correct
MABoston
96%
OHCleveland
96%
NYNew York
92%
PAPhiladelphia
92%
MDBaltimore
84%
NYBuffalo
84%
ILChicago
84%
OHCincinnati
84%
PAPittsburgh
84%
MOSt. Louis
84%
WIMilwaukee
76%
MNMinneapolis
76%
RIProvidence
76%
CASan Francisco
76%
NYRochester
72%
CAOakland
56%
MNSt. Paul
52%
MASpringfield
48%
MAWorcester
48%
MIGrand Rapids
40%

Score Distribution

Percentile by Number Answered

Percent of People with Each Score

Your Score History

You have not taken this quiz